Olev Subbi

Titel: Olev Subbi : täiuse poole püüeldes = striving for perfection / koostaja: Eero Epner ; tõlkija: Madli Valk ; graafiline disain: Angelika Schneider, maalide reproduktsioonid: Stanislav Stepaško
Verfasser:
Veröffentlicht: [Tallinn] : Sperare, 2025
Umfang: 219 Seiten : Illustrationen
Format: Buch
Sprache: Estnisch; Englisch
Schlagworte:
ISBN: 9789916982037
Buchumschlag
X
alg: 52828282
001A    $03004:28-03-25 
001B    $03004:30-04-25 $t11:24:10.000 
001D    $03004:30-04-25 
001U    $0utf8 
001X    $00 
002@    $0Aau 
002C    $aText $btxt $2rdacontent 
002D    $aohne Hilfsmittel zu benutzen $bn $2rdamedia 
002E    $aBand $bnc $2rdacarrier 
003@    $0528282824 
004A    $A978-9916-9820-3-7 
007A    $0528282824 $aHEB 
010@    $aest $aeng 
010E    $erda 
011@    $a2025 
013D    $RKatalog $#Exhibition catalogs $#Expositions $#Cataloghi di esposizioni $#Ausstellungskatalog $74135467-9 $8Ausstellungskatalog [Tsz] $9085499846 $y22.03-12.10.2025 $zTartu 
021A    $aOlev Subbi $dtäiuse poole püüeldes $fstriving for perfection $hkoostaja: Eero Epner ; tõlkija: Madli Valk ; graafiline disain: Angelika Schneider, maalide reproduktsioonid: Stanislav Stepaško 
028A    $BZusammenstellender $4com $8Epner, Eero$Z1978- [Tp1] $9491749570 
033A    $p[Tallinn] $nSperare 
034D    $a219 Seiten 
034M    $aIllustrationen 
044K    $7174277377 $8Subbi, Olev$Z1930-2013 [Tp1] $9298435233 
044K    $RGouvernement Estland $REstnische Sozialistische Sowjetrepublik $#Estland $#Estland $#Estland $#Estland (vor 1940) $#Republik Estland $#Estnische Republik $#Eesti $#Eesti Vabariik $#EV $#Estonia $#Republic of Estonia $#Estonie $#Ėstonskaja Respublika $74015587-0 $8Estland [Tg1] $9085035777 
044K    $RKünstler $RMalerin $#Painters $#Peintres $#Pittori $#Kunstmaler $#Kunstmaler $74037215-7 $8Maler [Ts1] $9085101249 
044K    $RAusstellung $#Art Exhibitions $#Expositions artistiques $#Exposiciones de arte $74033628-1 $8Kunstausstellung [Ts1] $9085089826 
045F    $a709.47980904 $eDDC23BSB 
045F/01 $a709 
045F/03 $f0904 
045F/03 $g4798 
045R    $aIdeengeschichte 1965-2013 
046L    $aEstnischer und englischer Text 

lok: 52828282 24

exp: 52828282 24 1 #EPN
201B/01 $030-04-25 $t11:22:53.000 
201C/01 $028-03-25 
201U/01 $0utf8 
203@/01 $01295223244 
208@/01 $a29-04-25 $bz 
209A/01 $a2° - 25.02238 $du $f050 $h25 02238 $x00 
209C/01 $a25.02238 K $h25 02238 K 
209G/01 $a74851290 $x00 
209G/01 $aGroßformat $x01 
220C/01 $akoe 
247C/01 $8358050-7 Marburg, Bibliothek des Herder-Instituts Marburg $9102600961
LEADER 00000cam a2200000 c 4500
001 528282824
003 DE-603
005 20250430112410.0
007 tu
008 250328s2025 xx |||| | u00||u|est c
020 |a 9789916982037 
035 |a (DE-599)HEB528282824 
040 |a DE-603  |b ger  |c DE-603  |d DE-603  |e rda 
041 |a est  |a eng 
082 0 4 |8 1\u  |a 709.47980904  |q DE-101  |2 23/BSB 
085 |8 1\u  |b 709 
085 |8 1\u  |z 1  |s 0904 
085 |8 1\u  |z 2  |s 4798 
100 1 |a Epner, Eero  |d 1978-  |e Zusammenstellender  |4 com  |0 (DE-603)491749570  |0 (DE-588)1253415196  |2 gnd 
245 0 0 |a Olev Subbi  |b täiuse poole püüeldes = striving for perfection  |c koostaja: Eero Epner ; tõlkija: Madli Valk ; graafiline disain: Angelika Schneider, maalide reproduktsioonid: Stanislav Stepaško 
264 1 |a [Tallinn]  |b Sperare  |c 2025 
300 |a 219 Seiten  |b Illustrationen 
336 |a Text  |b txt  |2 rdacontent 
337 |a ohne Hilfsmittel zu benutzen  |b n  |2 rdamedia 
338 |a Band  |b nc  |2 rdacarrier 
546 |a Estnischer und englischer Text 
600 1 7 |a Subbi, Olev  |d 1930-2013  |0 (DE-588)174277377  |0 (DE-603)298435233  |2 gnd 
648 7 |a Ideengeschichte 1965-2013  |2 gnd 
650 7 |a Maler  |0 (DE-588)4037215-7  |0 (DE-603)085101249  |2 gnd 
650 7 |a Kunstausstellung  |0 (DE-588)4033628-1  |0 (DE-603)085089826  |2 gnd 
651 7 |a Estland  |0 (DE-588)4015587-0  |0 (DE-603)085035777  |2 gnd 
655 7 |a Ausstellungskatalog  |y 22.03-12.10.2025  |z Tartu  |2 gnd-content  |0 (DE-588)4135467-9  |0 (DE-603)085499846 
924 0 |9 Mb 50  |a (DE-603)1295223244  |b DE-Mb50  |c HES  |d c  |g 2° - 25.02238  |h Großformat